[Event "Scottish op"]
[Site "Dunfermline"]
[Date "2024.07.14"]
[Round "9"]
[White "Thompson, Connor"]
[Black "Nield, Christopher"]
[Result "1-0"]
[WhiteElo "1819"]
[BlackElo "1768"]
[PlyCount "67"]
[EventDate "2024.07.08"]
[EventType "swiss"]
[EventRounds "9"]
[EventCountry "SCO"]
[SourceTitle "CBM 221 Extra"]
[Source "ChessBase"]
[SourceDate "2024.09.30"]
[SourceVersion "1"]
[SourceVersionDate "2024.09.30"]
[SourceQuality "1"]

1. e4 c6 2. d4 d5 3. Nc3 dxe4 4. Nxe4 Nf6 5. Nxf6+ exf6 6. c3 Bd6 7. Bd3 0-0 8. Ne2 Re8 9. 0-0 Nd7 10. Qc2 Nf8 11. Bd2 Be6 12. Nf4 Qc7 13. Nxe6 Bxh2+ 14. Kh1 Rxe6 15. f4 Bg3 16. Rf3 Bh4 17. g3 Bxg3 18. Rxg3 Rae8 19. Rag1 g6 20. f5 R6e7 21. fxg6 fxg6 22. Bh6 Qd7 23. Bc4+ Kh8 24. Qf2 Qd6 25. Rf3 Nd7 26. Bf4 Ne5 27. dxe5 Rxe5 28. Bxe5 Rxe5 29. Rh3 b5 30. Qh2 Qe7 31. Bd3 f5 32. Rxg6 Re1+ 33. Rg1 Re5 34. Rhg3 1-0

[Event "Edinburgh Allegro op"]
[Site "Edinburgh"]
[Date "2023.08.05"]
[Round "2"]
[White "McNaught, Jordan J"]
[Black "Nield, Christopher"]
[Result "1-0"]
[WhiteElo "1539"]
[BlackElo "1355"]
[PlyCount "67"]
[EventDate "2023.08.05"]
[EventType "swiss (rapid)"]
[EventRounds "5"]
[EventCountry "SCO"]
[SourceTitle "CBM 215 Extra"]
[Source "ChessBase"]
[SourceDate "2023.09.30"]
[SourceVersion "1"]
[SourceVersionDate "2023.09.30"]
[SourceQuality "1"]

1. d4 Nf6 2. c4 g6 3. Nc3 d5 4. Nf3 c6 5. cxd5 cxd5 6. Bf4 Bg7 7. e3 a6 8. Bd3 Nc6 9. Rc1 0-0 10. h3 Be6 11. Ng5 Qd7 12. Nxe6 fxe6 13. 0-0 Rac8 14. Na4 Rce8 15. Nc5 Qc8 16. Qb3 Na5 17. Qb6 Nc4 18. Bxc4 dxc4 19. Rxc4 Ne4 20. Rfc1 Nd6 21. Bxd6 exd6 22. Qxd6 b6 23. Qxb6 Qa8 24. Qb7 Qxb7 25. Nxb7 Rb8 26. Rc7 e5 27. d5 e4 28. d6 Bxb2 29. R1c2 Bf6 30. d7 Bd8 31. Nxd8 Rfxd8 32. Rc8 Kf7 33. Rxb8 Rxb8 34. Rc8 1-0